[Event "ICS Rated blitz match"]
[Site "204.178.125.65"]
[Date "2000.02.09"]
[Round "?"]
[White "Hossa"]
[Black "petur3"]
[Result "0-1"]
[WhiteElo "2306"]
[BlackElo "2114"]
[PlyCount "132"]

1. e4 c5 2. Nf3 e6 3. d4 cxd4 4. Nxd4 Bc5 5. Nb3 Bb6 6. Nc3 Ne7 7. e5 O-O 8.
Ne4 Nbc6 9. f4 Nf5 10. g3 Bc7 11. Bh3 d5 12. Bxf5 exf5 13. Ng5 h6 14. Nf3 Bb6
15. Qe2 Be6 16. Be3 Qe7 17. O-O Bxe3+ 18. Qxe3 Rac8 19. c3 b6 20. Rad1 Rfd8 21.
Rd2 f6 22. exf6 Qxf6 23. Nbd4 Nxd4 24. cxd4 Bf7 25. Ne5 Rc7 26. Rd3 Rdc8 27.
Rc3 Rxc3 28. bxc3 Qd6 29. Rc1 Be8 30. c4 dxc4 31. Rxc4 Rxc4 32. Nxc4 Qd7 33.
Ne5 Qd5 34. Qb3 Qxb3 35. axb3 Kf8 36. Kg2 Ke7 37. Kf3 a5 38. g4 fxg4+ 39. Kxg4
b5 40. f5 a4 41. bxa4 bxa4 42. Nc4 Bb5 43. Nb6 a3 44. Nd5+ Kd6 45. Nb4 Bc4 46.
Nc2 a2 47. Na1 Kd5 48. Nc2 Bb3 49. Na1 Bd1+ 50. Kf4 Kxd4 51. Kg3 Kc3 52. Kf2
Kb2 53. Ke1 Kxa1 54. Kxd1 Kb2 55. Ke2 a1=Q 56. f6 gxf6 57. Kf3 Kc3 58. Ke4 Qa5
59. h4 Qe5+ 60. Kf3 Kd3 61. Kg2 Qf4 62. Kg1 Ke3 63. Kg2 Qf3+ 64. Kg1 Qg4+ 65.
Kh2 Kf2 66. h5 Qh4# 0-1

[Event "ICS rated standard match"]
[Site "204.178.125.65"]
[Date "2000.02.09"]
[Round "?"]
[White "Hossa"]
[Black "DiepX"]
[Result "0-1"]
[WhiteElo "2269"]
[BlackElo "2415"]
[PlyCount "76"]

1. e4 e5 2. Nf3 Nc6 3. Bb5 a6 4. Ba4 Nf6 5. O-O Be7 6. Re1 b5 7. Bb3 d6 8. c3
O-O 9. h3 Na5 10. Bc2 c5 11. d4 Qc7 12. Nbd2 Nc6 13. dxc5 dxc5 14. Nf1 Be6 15.
Ne3 Rad8 16. Qe2 c4 17. Nf5 Bxf5 18. exf5 Rfe8 19. b3 Na5 20. Bb2 Bd6 21. Nd2
e4 22. Nxe4 Nxe4 23. Bxe4 cxb3 24. f6 g6 25. axb3 Nxb3 26. Ra2 Nd2 27. f3 Qc5+
28. Kh1 Qe5 29. g4 Qg3 30. Qxd2 Bb8 31. Qg2 Qxe1+ 32. Qg1 Rxe4 33. Ra1 Qe2 34.
f4 Rd2 35. Rf1 Rxf4 36. Rxf4 Bxf4 37. h4 Qf3+ 38. Qg2 Qxg2# 0-1

[Event "ICS Rated standard match"]
[Site "204.178.125.65"]
[Date "2000.02.09"]
[Round "?"]
[White "Hossa"]
[Black "Tinker"]
[Result "1-0"]
[WhiteElo "2259"]
[BlackElo "2237"]
[PlyCount "195"]

1. e4 e5 2. Nf3 Nf6 3. Nxe5 Qe7 4. d4 d6 5. Nf3 Qxe4+ 6. Be2 Be7 7. O-O O-O 8.
Re1 Qg4 9. Ng5 Qd7 10. c4 Nc6 11. d5 Ne5 12. Nc3 h6 13. Nf3 Nxf3+ 14. Bxf3 Bd8
15. Qb3 Re8 16. Bd2 Re5 17. Re2 Ng4 18. Ne4 Re7 19. Rae1 Ne5 20. Bh5 Qf5 21.
Ng3 Qf6 22. Re4 g6 23. Bd1 Qg7 24. R4e2 Kf8 25. Bc3 f6 26. Ne4 b6 27. Re3 Qf7
28. Bd4 Ba6 29. Be2 Bc8 30. Qc3 f5 31. Bxe5 Rxe5 32. Nd2 Bf6 33. Qd3 f4 34.
Rxe5 dxe5 35. Bf3 Bf5 36. Be4 Bxe4 37. Rxe4 Kg8 38. Nf3 Re8 39. Qe2 Bh8 40. Nd4
a6 41. a4 a5 42. f3 Qe7 43. Qc2 Qc5 44. Kh1 Qf8 45. Re2 Qf7 46. Qe4 Kh7 47. Re1
Bf6 48. b3 Kg8 49. Kg1 Bh4 50. Re2 Bf6 51. Kh1 Qh7 52. Rd2 Qf7 53. Nc6 Kh7 54.
c5 Kg7 55. cxb6 cxb6 56. Kg1 Rc8 57. Rc2 Re8 58. Qc4 Qd7 59. Re2 Kf7 60. Qb5
Qd6 61. Kf1 Bd8 62. Re4 Bc7 63. Rc4 Qa3 64. Nxa5 Qa1+ 65. Ke2 Qb2+ 66. Ke1 Qb1+
67. Kd2 Qb2+ 68. Rc2 Qd4+ 69. Qd3 Qf2+ 70. Kc1 Qg1+ 71. Qd1 Qe3+ 72. Kb2 Bb8
73. Nc4 Qc5 74. Ka2 Qb4 75. Qd2 Qxd2 76. Nxd2 Rd8 77. Ne4 Rxd5 78. Rc6 b5 79.
Rc8 Bd6 80. axb5 Be7 81. b6 Rb5 82. Rc6 Rb4 83. Kb2 h5 84. Kc3 Rb5 85. Nd6+
Bxd6 86. Rxd6 Rc5+ 87. Kb4 Rc8 88. Kb5 Rb8 89. h4 Kg7 90. Rd7+ Kf6 91. b7 g5
92. hxg5+ Kxg5 93. Kc6 Rg8 94. Rc7 Rb8 95. Rc8 Rxb7 96. Kxb7 Kf6 97. Re8 Kg5
98. b4 1-0

[Event "ICS rated blitz match"]
[Site "204.178.125.65"]
[Date "2000.02.09"]
[Round "?"]
[White "Hossa"]
[Black "MissSilicon"]
[Result "0-1"]
[WhiteElo "2282"]
[BlackElo "2531"]
[PlyCount "144"]

1. e4 e5 2. Nf3 Nc6 3. Bb5 Bc5 4. c3 Nf6 5. d4 exd4 6. e5 Qe7 7. O-O Ne4 8.
cxd4 Bb4 9. Qc2 f5 10. Nc3 Bxc3 11. bxc3 d5 12. c4 Be6 13. Bxc6+ bxc6 14. cxd5
Bxd5 15. a4 Qe6 16. Re1 O-O 17. Rb1 Rfb8 18. Ng5 Qg6 19. f4 Nxg5 20. fxg5 Rb6
21. Ra1 Rb4 22. Qf2 Rd8 23. Bd2 Rb2 24. Reb1 Rdb8 25. Rxb2 Rxb2 26. Qf4 h6 27.
h4 hxg5 28. hxg5 Be4 29. a5 Qf7 30. Qe3 Qd5 31. Qc3 Rb3 32. Qc5 Rg3 33. Qxd5+
cxd5 34. Kf1 Rd3 35. Ke1 Rxd4 36. Rc1 Rc4 37. Rxc4 dxc4 38. Kf2 Kf7 39. a6 Ke6
40. Kg3 c5 41. Be3 c3 42. Kf4 Bxg2 43. Bxc5 c2 44. Ba3 Bf1 45. Ke3 Kxe5 46. Kd2
c1=B+ 47. Kxc1 g6 48. Kd2 f4 49. Bc5 Kf5 50. Be7 Bxa6 51. Kc3 Bb5 52. Kd4 Kg4
53. Bd6 Kxg5 54. Ke4 Bc6+ 55. Ke5 Kg4 56. Bb4 f3 57. Be1 Kh3 58. Kd4 g5 59. Kc5
g4 60. Kxc6 g3 61. Bc3 a6 62. Kb7 f2 63. Be5 f1=Q 64. Kc7 Qc4+ 65. Kd6 g2 66.
Ke7 g1=Q 67. Bg3 Qe3+ 68. Kf8 Qh6+ 69. Ke7 Qce6+ 70. Kd8 Qg5+ 71. Kc7 Qee7+ 72.
Kb6 Qb5# 0-1

[Event "ICS rated blitz match"]
[Site "204.178.125.65"]
[Date "2000.02.09"]
[Round "?"]
[White "PostModernist"]
[Black "Hossa"]
[Result "1-0"]
[WhiteElo "2554"]
[BlackElo "2276"]
[PlyCount "185"]

1. e4 e5 2. Nf3 Nc6 3. Bb5 a6 4. Ba4 Nf6 5. O-O Be7 6. Re1 b5 7. Bb3 d6 8. c3
O-O 9. h3 Bb7 10. d4 Re8 11. a4 exd4 12. cxd4 Na5 13. Bc2 c5 14. Bg5 Nc6 15.
axb5 axb5 16. Rxa8 Bxa8 17. Nc3 b4 18. Nb5 cxd4 19. Nbxd4 Nxd4 20. Qxd4 b3 21.
Bxb3 Nxe4 22. Bxe7 Rxe7 23. Re3 Qc8 24. Ng5 Qc1+ 25. Kh2 Qc7 26. Bxf7+ Rxf7 27.
Nxe4 d5+ 28. Ng3 Qc8 29. Nh5 Qf8 30. Ra3 Bb7 31. f4 g6 32. Rg3 Bc6 33. Rg5 Ba8
34. f5 Qd6+ 35. Rg3 Bb7 36. b3 Ba6 37. h4 Bc8 38. f6 Kh8 39. Nf4 Bb7 40. Re3
Rxf6 41. g3 Kg8 42. Re8+ Kf7 43. Re2 Qd8 44. Qe5 Qd7 45. h5 Bc6 46. h6 d4 47.
Nh3 d3 48. Rd2 Qd6 49. Qxd6 Rxd6 50. Ng5+ Kg8 51. Kg1 Bb5 52. Kf2 Bc6 53. Ke3
Rd5 54. Nh3 Bb5 55. Nf2 Rg5 56. Kf4 Rf5+ 57. Ke4 Rg5 58. Nxd3 Bc6+ 59. Kd4 Rxg3
60. Ne5 Be8 61. Rd3 Rg1 62. Kd5 Ra1 63. Ke6 Ra8 64. Rf3 Rb8 65. Ke7 Bb5 66. Rf7
Rb7+ 67. Kf6 Rb6+ 68. Kg5 Re6 69. Rg7+ Kf8 70. Ng4 Bd3 71. Rxh7 Rb6 72. Rh8+
Ke7 73. h7 Rb5+ 74. Kh6 Rh5+ 75. Kg7 Rh4 76. Nf6 Bc2 77. b4 Ba4 78. Kxg6 Rh2
79. Rc8 Bb5 80. Kg7 Rg2+ 81. Kh6 Be2 82. Rc5 Rh2+ 83. Nh5 Bd3 84. h8=Q Rxh5+
85. Kxh5 Bf1 86. Qg7+ Kd8 87. Qc7+ Ke8 88. Re5+ Kf8 89. Qe7+ Kg8 90. Qg5+ Kf8
91. Qf6+ Kg8 92. Re8+ Kh7 93. Qh8# 1-0

[Event "ICS rated blitz match"]
[Site "204.178.125.65"]
[Date "2000.02.09"]
[Round "?"]
[White "Hossa"]
[Black "Banane"]
[Result "1-0"]
[WhiteElo "2271"]
[BlackElo "2178"]
[PlyCount "57"]

1. e4 a6 2. d4 b5 3. Nf3 Bb7 4. Bd3 e6 5. O-O c5 6. dxc5 Bxc5 7. a4 b4 8. Bg5
Qb6 9. Nbd2 h6 10. Bf4 d5 11. exd5 Bxd5 12. Ne4 Ne7 13. a5 Qa7 14. Nd6+ Bxd6
15. Bxd6 O-O 16. Bxb4 Nbc6 17. Ba3 Rfd8 18. Nd2 Ne5 19. Bxa6 Nf5 20. Re1 Qxa6
21. Rxe5 Qb7 22. g3 Bh1 23. f3 Bxf3 24. Qxf3 Qc7 25. Rc5 Qd6 26. Nc4 Qd4+ 27.
Kh1 Rac8 28. c3 Qd7 29. Nb6 1-0

[Event "ICS rated blitz match"]
[Site "204.178.125.65"]
[Date "2000.02.09"]
[Round "?"]
[White "SuurSuomi"]
[Black "Hossa"]
[Result "0-1"]
[WhiteElo "2101"]
[BlackElo "2283"]
[PlyCount "46"]

1. d4 d5 2. Nf3 Nf6 3. c4 e6 4. Nc3 c6 5. Bg5 dxc4 6. e4 Qb6 7. Qc2 Qa6 8. Be2
c5 9. O-O cxd4 10. Nxd4 Bd7 11. Rad1 Bc5 12. e5 Nd5 13. Nxd5 exd5 14. e6 fxe6
15. Bh5+ Kf8 16. Qc3 Kg8 17. Qf3 g6 18. Qf4 Bxd4 19. Rxd4 Nc6 20. Bh6 Qb6 21.
Rfd1 Nxd4 22. Qf6 Nf5 23. Bxg6 Nxh6 0-1

[Event "ICS rated blitz match"]
[Site "204.178.125.65"]
[Date "2000.02.09"]
[Round "?"]
[White "Hossa"]
[Black "knsm"]
[Result "1-0"]
[WhiteElo "2299"]
[BlackElo "2122"]
[PlyCount "75"]

1. e4 e6 2. d4 d5 3. Nc3 Nf6 4. e5 Nfd7 5. f4 c5 6. Nf3 Nc6 7. Be3 cxd4 8. Nxd4
Bc5 9. Qd2 O-O 10. O-O-O a6 11. h4 Nxd4 12. Bxd4 Qa5 13. h5 Bxd4 14. Qxd4 Qc5
15. h6 g6 16. Qxc5 Nxc5 17. g4 Bd7 18. Rd4 Rfc8 19. Bg2 Rab8 20. Rhd1 b5 21. a3
a5 22. Kd2 b4 23. axb4 axb4 24. Ne2 Na4 25. Rb1 Nc5 26. Ke3 Bb5 27. Nc1 Bc4 28.
Ra1 b3 29. c3 Ra8 30. Rxa8 Rxa8 31. Rxc4 dxc4 32. Bxa8 Na4 33. Kd4 Nxb2 34. Be4
Kf8 35. Ne2 Ke7 36. f5 Kd7 37. fxg6 fxg6 38. Bxg6 1-0

[Event "ICS rated blitz match"]
[Site "204.178.125.65"]
[Date "2000.02.09"]
[Round "?"]
[White "Tacticmonster"]
[Black "Hossa"]
[Result "0-1"]
[WhiteElo "2101"]
[BlackElo "2307"]
[PlyCount "28"]

1. e4 e5 2. Bc4 Nf6 3. d3 Nc6 4. Nf3 Bc5 5. O-O d6 6. c3 O-O 7. Nbd2 Be6 8. Bb5
a6 9. Ba4 b5 10. Bc2 Bb6 11. Re1 Ng4 12. Re2 Bxf2+ 13. Rxf2 Ne3 14. Qe2 Nxc2
0-1

[Event "ICS rated blitz match"]
[Site "204.178.125.65"]
[Date "2000.02.09"]
[Round "?"]
[White "Hossa"]
[Black "Tacticmonster"]
[Result "0-1"]
[WhiteElo "2314"]
[BlackElo "2094"]
[PlyCount "88"]

1. e4 e6 2. d4 d5 3. Nc3 Bb4 4. e5 c5 5. a3 Bxc3+ 6. bxc3 Ne7 7. Qg4 cxd4 8.
Qxg7 Rg8 9. Qxh7 Qc7 10. Ne2 Nbc6 11. f4 Bd7 12. Bd2 dxc3 13. Bxc3 Qb6 14. Rd1
O-O-O 15. Qxf7 Nf5 16. g3 Ne3 17. Rc1 d4 18. Bd2 Na5 19. Bh3 Nac4 20. Bb4 Qc6
21. Rg1 Qd5 22. Be7 Rde8 23. Kf2 Kb8 24. Bg2 Nxg2 25. Rxg2 Bc6 26. Rgg1 Qe4 27.
Qxe6 Qe3+ 28. Ke1 Nd2 29. Qd6+ Ka8 30. Ra1 Bb5 31. Qd8+ Rxd8 32. c4 Bxc4 33.
Rg2 Ne4 34. Bxd8 Bxe2 35. Ba5 Bd3+ 36. Kd1 Qf3+ 37. Kc1 Rc8+ 38. Bc7 Rxc7+ 39.
Kb2 Qxg2+ 40. Kb3 Qc2+ 41. Kb4 Qc3+ 42. Ka4 Rc4+ 43. Kb5 Qb3+ 44. Ka5 Ra4# 0-1

[Event "ICS rated blitz match"]
[Site "204.178.125.65"]
[Date "2000.02.09"]
[Round "?"]
[White "Tacticmonster"]
[Black "Hossa"]
[Result "0-1"]
[WhiteElo "2119"]
[BlackElo "2289"]
[PlyCount "44"]

1. e4 e5 2. Bc4 Nf6 3. d3 Nc6 4. Nf3 Bc5 5. O-O d6 6. c3 O-O 7. Nbd2 Be6 8. Bb5
a6 9. Ba4 b5 10. Bc2 Bb6 11. h3 Qe7 12. Re1 Nd7 13. Nf1 f5 14. Ng5 fxe4 15.
Nxe6 Bxf2+ 16. Kh1 Qxe6 17. dxe4 Bxe1 18. Bb3 Rxf1+ 19. Kh2 d5 20. Bxd5 Bg3+
21. Kxg3 Rxd1 22. Bxe6+ Kh8 0-1

[Event "ICS rated blitz match"]
[Site "204.178.125.65"]
[Date "2000.02.09"]
[Round "?"]
[White "Hossa"]
[Black "knsm"]
[Result "1/2-1/2"]
[WhiteElo "2298"]
[BlackElo "2075"]
[PlyCount "97"]

1. e4 e6 2. d4 d5 3. Nc3 Nf6 4. e5 Nfd7 5. f4 c5 6. Nf3 Nc6 7. Be3 cxd4 8. Nxd4
Bc5 9. Qd2 O-O 10. O-O-O a6 11. h4 Nxd4 12. Bxd4 Qa5 13. h5 Nb8 14. h6 g6 15.
Bxc5 Qxc5 16. g4 Nc6 17. Na4 Qa7 18. Bg2 b5 19. Nc3 Rd8 20. Ne4 Bd7 21. Nf6+
Kh8 22. Qc3 Rac8 23. Rhf1 Ne7 24. Qd3 Ng8 25. g5 Nxf6 26. gxf6 Rc4 27. Qg3 Rdc8
28. Rf2 b4 29. Bf1 R4c5 30. Rg2 Bb5 31. Bd3 Bxd3 32. Qxd3 Qc7 33. Rdd2 Rc4 34.
Qg3 Qc5 35. Kb1 Re4 36. Rd3 a5 37. Kc1 a4 38. Kd1 Rc4 39. Rdd2 b3 40. axb3 axb3
41. cxb3 Rc1+ 42. Ke2 Rc2 43. Kf3 Rxd2 44. Rxd2 Qb4 45. Ke2 Qe4+ 46. Qe3 Qg2+
47. Qf2 Qe4+ 48. Qe3 Qg2+ 49. Qf2 1/2-1/2

[Event "ICS rated blitz match"]
[Site "204.178.125.65"]
[Date "2000.02.09"]
[Round "?"]
[White "thomasv"]
[Black "Hossa"]
[Result "0-1"]
[WhiteElo "1977"]
[BlackElo "2289"]
[PlyCount "100"]

1. Nf3 d5 2. c4 e6 3. g3 Nf6 4. Bg2 dxc4 5. Qa4+ Nbd7 6. O-O Bd6 7. Qxc4 O-O 8.
d4 e5 9. dxe5 Nxe5 10. Nxe5 Bxe5 11. Nc3 Be6 12. Qh4 c6 13. Be3 Ng4 14. Qxd8
Rfxd8 15. Rfd1 Nxe3 16. fxe3 Bc4 17. Kf2 Bxc3 18. bxc3 Rxd1 19. Rxd1 Bxa2 20.
Rd7 Rb8 21. Ke1 Be6 22. Rd4 a5 23. Kd2 c5 24. Ra4 b6 25. c4 b5 26. cxb5 Rxb5
27. Bc6 Rb6 28. Be4 Rb2+ 29. Kd3 Ra2 30. Rxa2 Bxa2 31. Kc3 h6 32. Kb2 Bc4 33.
Bd3 Bd5 34. Bb5 f5 35. Ka3 Kf7 36. Ka4 Ke6 37. Kxa5 Ke5 38. Bd3 c4 39. Bc2 Be4
40. Bxe4 Kxe4 41. Kb4 Kxe3 42. Kxc4 Kxe2 43. Kd4 Kf3 44. Ke5 Kg4 45. Ke6 f4 46.
gxf4 Kxf4 47. Kd5 g5 48. Kd4 g4 49. Kd3 Kf3 50. Kd2 Kg2 0-1

[Event "ICS rated blitz match"]
[Site "204.178.125.65"]
[Date "2000.02.09"]
[Round "?"]
[White "SirJames"]
[Black "Hossa"]
[Result "0-1"]
[WhiteElo "1898"]
[BlackElo "2294"]
[PlyCount "82"]

1. d4 d5 2. c4 e6 3. Nf3 Nf6 4. Nc3 Nc6 5. Bg5 dxc4 6. e3 h6 7. Bh4 g5 8. Bg3
Bb4 9. Bxc4 Ne4 10. Qc2 Nxg3 11. hxg3 h5 12. O-O-O Bxc3 13. Qxc3 Qf6 14. Bb5
Bd7 15. Ne5 O-O-O 16. Bxc6 Bxc6 17. Nxc6 bxc6 18. f4 Kb7 19. Rd3 Rd5 20. e4 Rb5
21. a4 Rb6 22. Rf1 Qg7 23. f5 exf5 24. Rxf5 Qh7 25. a5 Rb5 26. Rxb5+ cxb5 27.
a6+ Kc8 28. Qc6 b4 29. d5 Qxe4 30. Rd2 Qe1+ 31. Kc2 b3+ 32. Kc3 Qc1+ 33. Kxb3
Qxd2 34. Qa8+ Kd7 35. Qxh8 Qxd5+ 36. Kc2 Qxg2+ 37. Kb1 Qf1+ 38. Ka2 Qxa6+ 39.
Kb1 Qd3+ 40. Ka2 Qxg3 41. Qxh5 Qf4 0-1

[Event "ICS rated blitz match"]
[Site "204.178.125.65"]
[Date "2000.02.10"]
[Round "?"]
[White "Hossa"]
[Black "Tinker"]
[Result "1-0"]
[WhiteElo "2326"]
[BlackElo "2357"]
[PlyCount "197"]

1. e4 e5 2. Nf3 Nf6 3. Nxe5 Qe7 4. d4 d6 5. Nf3 Qxe4+ 6. Be2 Bf5 7. c4 Be7 8.
Nc3 Qc2 9. Qxc2 Bxc2 10. O-O O-O 11. Re1 Re8 12. Be3 Na6 13. Rac1 Bf5 14. Nh4
Bd7 15. Bf4 c6 16. Nf3 Nb4 17. a3 Na6 18. b4 d5 19. cxd5 Nxd5 20. Nxd5 cxd5 21.
Bxa6 bxa6 22. Rc7 Be6 23. Ng5 Bf6 24. Be3 h6 25. Nxe6 Rxe6 26. Rec1 Be7 27. Rd7
Bd6 28. g3 a5 29. bxa5 Kf8 30. Rb1 Ke8 31. Rbb7 Re7 32. Rxe7+ Bxe7 33. a6 h5
34. h4 Bf6 35. Kg2 Be7 36. a4 Bf6 37. Kf3 g6 38. Ke2 Bd8 39. Rb5 Rc8 40. Rxd5
Rc6 41. Rb5 Rxa6 42. Rb4 Be7 43. Rc4 Kd7 44. Bf4 Ke6 45. Kd3 Kd5 46. Bd2 Bd6
47. a5 f5 48. Rc8 f4 49. Bxf4 Rxa5 50. Bxd6 Kxd6 51. Rg8 Kd5 52. Rd8+ Ke6 53.
Ke4 Ra4 54. Rg8 Kf7 55. Rc8 a5 56. Rc7+ Kf6 57. Rc6+ Kf7 58. Ra6 Ra1 59. Ke5
Re1+ 60. Kd5 Ra1 61. f3 Kg7 62. Ke5 a4 63. Ra7+ Kh6 64. d5 a3 65. g4 hxg4 66.
fxg4 Re1+ 67. Kf4 Rf1+ 68. Kg3 Rg1+ 69. Kf3 Rf1+ 70. Ke3 Rd1 71. Ke4 Rg1 72.
g5+ Kh5 73. Rxa3 Kxh4 74. d6 Rg4+ 75. Ke5 Rxg5+ 76. Ke6 Rg2 77. Rd3 Re2+ 78.
Kf7 Rb2 79. Kxg6 Rb6 80. Kf7 Kg4 81. d7 Rb8 82. Rd4+ Kf5 83. Rd5+ Kf4 84. Ke7
Ke4 85. Rd2 Ke3 86. Rd1 Kf2 87. Rd3 Rb7 88. Ke6 Rxd7 89. Rxd7 Kf3 90. Kf5 Ke3
91. Rd6 Kf3 92. Re6 Kg3 93. Re3+ Kf2 94. Kf4 Kg2 95. Rf3 Kh2 96. Rg3 Kh1 97.
Ke3 Kh2 98. Kf2 Kh1 99. Rh3# 1-0

[Event "ICS Rated standard match"]
[Site "204.178.125.65"]
[Date "2000.02.10"]
[Round "?"]
[White "Tinker"]
[Black "Hossa"]
[Result "1-0"]
[WhiteElo "2226"]
[BlackElo "2274"]
[PlyCount "125"]

1. e4 e5 2. Nc3 Nf6 3. Nf3 Bb4 4. Bc4 O-O 5. O-O Nc6 6. a3 Bxc3 7. dxc3 d6 8.
Ng5 h6 9. Bxf7+ Kh8 10. Ne6 Qe7 11. Nxf8 Qxf7 12. Qe2 Qxf8 13. Qc4 Nh5 14. b4
a6 15. Qb3 Nf4 16. Bxf4 Qxf4 17. Qd5 Bg4 18. a4 Rf8 19. b5 Nd8 20. bxa6 bxa6
21. Qc4 c6 22. Qd3 Nf7 23. Qxa6 Qxe4 24. f3 Qe3+ 25. Kh1 Bd7 26. Qb7 Be8 27. a5
Qg5 28. a6 c5 29. a7 Nd8 30. Qb8 Bc6 31. a8=Q Bxa8 32. Qxd6 Ne6 33. Qxe6 Qe3
34. Qc4 Rc8 35. Rae1 Qg5 36. Qe6 Qd8 37. Rxe5 Qf8 38. Rfe1 Kh7 39. Kg1 c4 40.
Qg4 Bb7 41. Re7 Ba6 42. R1e6 Kg8 43. Rxa6 Qxe7 44. Qxc8+ Qf8 45. Qxc4+ Kh8 46.
Qe4 g5 47. Rc6 Qf7 48. Rxh6+ Kg7 49. Rh7+ Kg8 50. Rxf7 Kxf7 51. c4 Kf6 52. c5
g4 53. fxg4 Kf7 54. Qe5 Kg6 55. Qe7 Kh6 56. Qb7 Kg6 57. Qe7 Kh6 58. Qe4 Kg7 59.
c6 Kf6 60. Qf5+ Kg7 61. c7 Kg8 62. c8=Q+ Kg7 63. Qcf8# 1-0

[Event "ICS rated blitz match"]
[Site "204.178.125.65"]
[Date "2000.02.10"]
[Round "?"]
[White "Amateur"]
[Black "Hossa"]
[Result "0-1"]
[WhiteElo "2445"]
[BlackElo "2343"]
[PlyCount "162"]

1. e4 e5 2. Nf3 Nc6 3. Bb5 a6 4. Ba4 Nf6 5. O-O Be7 6. Re1 b5 7. Bb3 d6 8. c3
O-O 9. h3 Bb7 10. d4 Re8 11. Nbd2 Bf8 12. a4 h6 13. Bc2 exd4 14. cxd4 Nb4 15.
Bb1 c5 16. d5 Nd7 17. Ra3 f5 18. exf5 Bxd5 19. Ne4 Bf7 20. axb5 d5 21. Nc3
Rxe1+ 22. Qxe1 axb5 23. Qf1 Rxa3 24. bxa3 Qf6 25. Bd2 Nc6 26. Qxb5 Nde5 27.
Nxe5 Nxe5 28. Bf4 Nf3+ 29. gxf3 Qxc3 30. Qb8 Qe1+ 31. Kg2 Qe8 32. Qxe8 Bxe8 33.
Bc2 c4 34. a4 Bb4 35. Be5 Kf7 36. f4 Bd7 37. Bd4 Bd2 38. Kg3 Be1 39. Be5 Bb4
40. Bd4 Ba5 41. h4 Bb4 42. h5 Bc6 43. Bd1 Bd2 44. Bb6 Bc3 45. Bf3 Ke7 46. a5
Bb7 47. a6 Bxa6 48. Bxd5 Kd6 49. Bf3 Bf6 50. Be2 Kc6 51. Be3 Kb5 52. Kg4 Bb7
53. Ba7 Be4 54. Bf3 Bxf3+ 55. Kxf3 c3 56. Be3 Kc4 57. Ke2 c2 58. Bc1 Kb3 59.
Kd3 Bc3 60. f6 Bxf6 61. f3 Bb2 62. Kd2 Bxc1+ 63. Kxc1 Kc3 64. f5 Kd3 65. f4 Ke3
66. f6 gxf6 67. Kxc2 f5 68. Kc3 Kxf4 69. Kd4 Kg3 70. Ke5 f4 71. Kf6 f3 72. Kg6
f2 73. Kxh6 f1=Q 74. Kg7 Kg4 75. h6 Kg5 76. h7 Qf6+ 77. Kg8 Qe7 78. h8=Q Kg6
79. Qh5+ Kxh5 80. Kh8 Kh6 81. Kg8 Qe8# 0-1

[Event "ICS rated blitz match"]
[Site "204.178.125.65"]
[Date "2000.02.10"]
[Round "?"]
[White "Hossa"]
[Black "Amateur"]
[Result "1-0"]
[WhiteElo "2364"]
[BlackElo "2424"]
[PlyCount "155"]

1. e4 e6 2. d4 d5 3. Nc3 Bb4 4. e5 c5 5. a3 Ba5 6. b4 cxd4 7. Nb5 Bc7 8. f4 Ne7
9. Nf3 Bd7 10. Nfxd4 O-O 11. Bd3 a5 12. Qh5 g6 13. Qg5 axb4 14. Nxc7 Qxc7 15.
Bd2 Qb6 16. Nb3 Nbc6 17. a4 Nf5 18. Bxf5 exf5 19. Qf6 Be6 20. h4 Nd4 21. Ra2
Rfc8 22. a5 Qa7 23. h5 Rc7 24. h6 Kf8 25. Nxd4 Qxd4 26. Qh8+ Ke7 27. Qxa8 Qe4+
28. Kf2 Qd4+ 29. Be3 Qc3 30. Rd1 b3 31. cxb3 Qxb3 32. Rdd2 Bc8 33. Rab2 Qc4 34.
Rd4 Qc6 35. Rb6 Qc2+ 36. Rd2 Qc1 37. Rd6 Qh1 38. R6xd5 Qh4+ 39. Ke2 Qh1 40.
Bc5+ Rxc5 41. Rxc5 Qxg2+ 42. Kd3 Qe4+ 43. Kc3 Qe3+ 44. Kc4 Be6+ 45. Rcd5 Qe4+
46. Kc5 Bxd5 47. Rxd5 Qc2+ 48. Kb6 Qc6+ 49. Ka7 Qxd5 50. Qxb7+ Ke6 51. Qxd5+
Kxd5 52. a6 Ke4 53. Kb6 Kxf4 54. a7 Kxe5 55. a8=Q Kf4 56. Qg8 g5 57. Qxh7 f6
58. Qxf5+ Kxf5 59. h7 Kg4 60. Kc6 f5 61. Kd5 f4 62. Ke4 f3 63. h8=Q f2 64. Qf6
Kh5 65. Qxf2 Kg6 66. Qb6+ Kf7 67. Kf5 Ke8 68. Qc6+ Ke7 69. Qc7+ Ke8 70. Qc8+
Kf7 71. Qd7+ Kf8 72. Qd6+ Kf7 73. Qf6+ Ke8 74. Qe6+ Kd8 75. Qf7 Kc8 76. Ke6 Kb8
77. Kd6 g4 78. Qb3+ 1-0

[Event "ICS rated blitz match"]
[Site "204.178.125.65"]
[Date "2000.02.10"]
[Round "?"]
[White "Beadle"]
[Black "Hossa"]
[Result "1-0"]
[WhiteElo "2646"]
[BlackElo "2383"]
[PlyCount "71"]

1. e4 e5 2. Nf3 Nc6 3. d4 exd4 4. Nxd4 Nf6 5. Nxc6 bxc6 6. e5 Qe7 7. Qe2 Nd5 8.
c4 Ba6 9. b3 g5 10. Qe4 Nb6 11. Bd3 Bg7 12. Bb2 d5 13. Qe3 dxc4 14. Be4 Nd5 15.
Qd4 Rd8 16. Qxa7 Bxe5 17. Bxe5 Qxe5 18. O-O Qxe4 19. Na3 O-O 20. Rfe1 Ra8 21.
Qc5 Qg4 22. f3 Qf4 23. bxc4 Nb6 24. Re4 Qd2 25. Re2 Qd8 26. Rae1 Bb7 27. Re7 h6
28. Qe3 Ra5 29. Qc3 Qa8 30. R1e6 f6 31. Qc2 Rf5 32. Qxf5 Rf7 33. Qg6+ Kh8 34.
Rxf7 Qg8 35. Qxh6+ Qh7 36. Qxh7# 1-0

[Event "ICS rated blitz match"]
[Site "204.178.125.65"]
[Date "2000.02.10"]
[Round "?"]
[White "Hossa"]
[Black "Beadle"]
[Result "0-1"]
[WhiteElo "2377"]
[BlackElo "2652"]
[PlyCount "184"]

1. e4 Nc6 2. d4 e5 3. d5 Nce7 4. c4 Ng6 5. Nf3 Nf6 6. Bd3 Bb4+ 7. Nc3 Bxc3+ 8.
bxc3 O-O 9. O-O d6 10. Rb1 b6 11. Bc2 Bd7 12. Bg5 Rc8 13. Qd3 Kh8 14. Rfd1 h6
15. Bd2 c6 16. Rb4 Re8 17. Qe2 Qc7 18. Re1 Nf4 19. Bxf4 exf4 20. dxc6 Bxc6 21.
Nd2 Qe7 22. Qd3 Nd7 23. Qh3 Qf6 24. Ba4 Qe6 25. Qh4 Bxa4 26. Rxa4 a5 27. Ra3
Ne5 28. Rb3 Rc6 29. a4 Nxc4 30. Nf3 Ne5 31. Nd4 Qc4 32. Reb1 Ng6 33. Qg4 Rxe4
34. Qf3 Rxd4 35. cxd4 Qxa4 36. d5 Rc2 37. Rxb6 Qd4 38. Rb8+ Kh7 39. Rd1 Qa7 40.
Rd8 Qb6 41. Ra8 f5 42. Re1 Rd2 43. g3 Qc5 44. Ra1 Rxd5 45. Qb3 fxg3 46. hxg3
Ne5 47. R8xa5 Qxa5 48. Rxa5 Rxa5 49. Qe6 f4 50. Qxd6 fxg3 51. fxg3 Rb5 52. Kg2
h5 53. Kh3 Ng6 54. Qd3 Re5 55. Qd1 Ne7 56. Qd4 Re6 57. Qd7 Re3 58. Kg2 Re2+ 59.
Kf3 Re5 60. Qe8 Kh6 61. Qh8+ Kg6 62. Qb8 Rf5+ 63. Ke4 Nd5 64. Kd4 Kg5 65. Qg8
g6 66. Qe8 Nf6 67. Qe2 Rd5+ 68. Kc4 Kh6 69. Qe7 Rf5 70. Qf8+ Kg5 71. Qa8 Kg4
72. Qh1 g5 73. Qa8 Kxg3 74. Qa1 g4 75. Kd4 Kg2 76. Qa8+ Rf3 77. Qc6 h4 78. Qc1
h3 79. Qd2+ Rf2 80. Qc1 h2 81. Qc6+ Kg1 82. Qc1+ Rf1 83. Qe3+ Kg2 84. Ke5 h1=Q
85. Kd6 Rd1+ 86. Ke5 Nd7+ 87. Ke6 Nf8+ 88. Kf5 Rd5+ 89. Kf6 Qh4+ 90. Qg5 Qxg5+
91. Kf7 Rd7+ 92. Kxf8 Qd8# 0-1

[Event "ICS rated standard match"]
[Site "204.178.125.65"]
[Date "2000.02.10"]
[Round "?"]
[White "cwalter"]
[Black "Hossa"]
[Result "0-1"]
[WhiteElo "2124"]
[BlackElo "2256"]
[PlyCount "35"]

1. e4 e5 2. Nf3 Nc6 3. Bb5 a6 4. Ba4 Nf6 5. O-O Be7 6. Re1 b5 7. Bb3 d6 8. c3
O-O 9. h3 Bb7 10. d4 Re8 11. Nbd2 Bf8 12. Bc2 g6 13. Nf1 exd4 14. cxd4 Nb4 15.
Ng3 Nxc2 16. Qxc2 c5 17. dxc5 Rc8 18. Be3 0-1

[Event "ICS Rated standard match"]
[Site "204.178.125.65"]
[Date "2000.02.10"]
[Round "?"]
[White "Hossa"]
[Black "wagan"]
[Result "1-0"]
[WhiteElo "2260"]
[BlackElo "2117"]
[PlyCount "37"]

1. e4 c5 2. Nf3 d6 3. d4 cxd4 4. Nxd4 Nf6 5. Nc3 a6 6. Bg5 e6 7. f4 Be7 8. Qf3
Qc7 9. O-O-O Nbd7 10. g4 h5 11. h3 hxg4 12. hxg4 Rxh1 13. Qxh1 b5 14. e5 dxe5
15. Ndxb5 axb5 16. Qxa8 b4 17. Bb5 bxc3 18. Bxf6 cxb2+ 19. Kxb2 1-0

[Event "ICS rated blitz match"]
[Site "204.178.125.65"]
[Date "2000.02.10"]
[Round "?"]
[White "Bonin"]
[Black "Hossa"]
[Result "0-1"]
[WhiteElo "2447"]
[BlackElo "2372"]
[PlyCount "148"]

1. d4 d5 2. c4 e6 3. Nf3 Nf6 4. Nc3 Nc6 5. Bg5 dxc4 6. e4 h6 7. Bxf6 Qxf6 8.
Bxc4 Bd7 9. O-O O-O-O 10. e5 Qf5 11. Bd3 Qg4 12. h3 Qh5 13. Ne2 f5 14. exf6
gxf6 15. Nf4 Qf7 16. Rc1 Bd6 17. Ng6 Rhg8 18. Ngh4 Nb4 19. Bc4 Nd5 20. Bxd5
exd5 21. Kh1 Qg7 22. Rg1 Rde8 23. Nh2 Bf4 24. Rc3 Bxh2 25. Kxh2 Re4 26. Rg3 Qf8
27. Rxg8 Qxg8 28. Qh5 Qg5 29. Qxg5 hxg5 30. Nf3 Re2 31. Re1 Rxb2 32. Re7 Rxa2
33. Rf7 c5 34. dxc5 Ra6 35. Nd4 Ra4 36. Nf3 Rf4 37. Kg3 Kd8 38. h4 Ke8 39. Rh7
Rg4+ 40. Kh2 gxh4 41. Nxh4 d4 42. f3 Rg5 43. Rh6 Kf7 44. Rh7+ Rg7 45. Rxg7+
Kxg7 46. Kg3 d3 47. Kf2 Kh6 48. Ke3 Bb5 49. g3 Kg5 50. Ng2 Kf5 51. Nf4 Ke5 52.
Nxd3+ Bxd3 53. Kxd3 Kd5 54. g4 a5 55. f4 Kxc5 56. g5 fxg5 57. fxg5 Kd5 58. Kc3
b5 59. Kb3 a4+ 60. Kb4 Ke5 61. Ka3 Kf5 62. Kb4 Kxg5 63. Ka3 Kf5 64. Kb4 Ke4 65.
Ka3 Kd3 66. Kb4 Kd4 67. Ka3 Kc3 68. Ka2 b4 69. Kb1 a3 70. Ka2 b3+ 71. Kxa3 b2
72. Ka4 b1=Q 73. Ka5 Qb7 74. Ka4 Qa6# 0-1